| 000 | 00555pam a2200181 a 4500 | ||
|---|---|---|---|
| 020 | _a0801674905 | ||
| 040 | _cDLC | ||
| 082 | 0 | 0 | _a547 MOS 1996 A063 Or. |
| 100 | 1 | _aSchmid, George H. | |
| 245 | 1 | 0 | _aOrganic chemistry / |
| 260 |
_aSt. Louis, Mo. : _bMosby, _cc1996. |
||
| 300 |
_a1 v. (various pagings) : _bill. (some col.) ; _c26 cm. |
||
| 500 | _aIncludes index. | ||
| 650 | 0 | _aChemistry, Organic. | |
| 856 | 4 | 2 | _uhttp://www.loc.gov/catdir/description/mh022/95024791.html |
| 856 | 4 | 1 | _uhttp://www.loc.gov/catdir/toc/mh022/95024791.html |
| 942 | _cEK | ||
| 999 |
_c15399 _d15399 |
||